000 00444nam a2200169 i 4500
001 45556
003 ES-MaACL
005 20230906161234.0
007 t|
008 030326s1959 sp ||||1| spa d
080 _a86-992"19"
100 1 _aCohen, Samuel.
_939513
245 1 0 _aVacaciones en Europa /
_cSamuel Cohen.
260 _aMadrid :
_b[s.n.,
_c1959] (
_fImp. Sánchez Leal)
300 _a172 p. ;
_c19 cm.
852 _aES-MaACL
_jC-15778
999 _c45556
_d45556